[Event "NB I. Maroczy csoport"]
[Site "Nyiregyhaza"]
[Date "2024.03.03"]
[Round "7.12"]
[White "Hurkovszkij, Vladyslav"]
[Black "Giricz, Gergo"]
[Result "1-0"]
[WhiteElo "2000"]
[BlackElo "1745"]
[PlyCount "68"]
[EventDate "2023.10.08"]
[EventType "team-tourn"]
[EventRounds "11"]
[EventCountry "HUN"]
[Source "chess.hu"]
[WhiteTeam "NYVSC "]
[BlackTeam "Kumania-Kisujszallas"]
[WhiteTeamCountry "HUN"]
[BlackTeamCountry "HUN"]

1. d4 Nf6 2. Nf3 d5 3. Bf4 e6 4. e3 c5 5. c3 Nc6 6. Nbd2 Bd6 7. Bxd6 Qxd6 8.
Bd3 O-O 9. O-O Bd7 10. Qc2 cxd4 11. exd4 Rac8 12. a3 a6 13. Rfe1 Qc7 14. Nb3
Na7 15. Nc5 Bb5 16. Ne5 Bxd3 17. Qxd3 Nb5 18. Rac1 Nd6 19. a4 Nde4 20. b4 Nxc5
21. bxc5 Nd7 22. Rb1 Nxe5 23. Rxe5 Qd7 24. Qc2 f6 25. Ree1 e5 26. Rb6 Rc6 27.
Reb1 Rxb6 28. Rxb6 Qe7 29. h3 exd4 30. cxd4 Qe1+ 31. Kh2 Qa1 32. Qd3 Qxa4 33.
Rxb7 Qa2 34. Qg3 Qa5 1-0

[Event "NB I. Maroczy csoport"]
[Site "Miskolc"]
[Date "2024.03.03"]
[Round "7.2"]
[White "Fule, Simon"]
[Black "Torok, Sandor"]
[Result "0-1"]
[WhiteElo "2262"]
[BlackElo "2214"]
[PlyCount "88"]
[EventDate "2023.10.08"]
[EventType "team-tourn"]
[EventRounds "11"]
[EventCountry "HUN"]
[Source "chess.hu"]
[WhiteTeam "DVTK I."]
[BlackTeam "Vasas SC"]
[WhiteTeamCountry "HUN"]
[BlackTeamCountry "HUN"]

1. e4 c5 2. Nf3 Nc6 3. d4 cxd4 4. Nxd4 g6 5. c4 d6 6. Nc3 Nxd4 7. Qxd4 Nf6 8.
Be3 Bg7 9. f3 O-O 10. Qd2 Be6 11. Rc1 a6 12. b3 h5 13. Bd3 Qa5 14. Ne2 Qxd2+
15. Kxd2 b5 16. Nf4 Bd7 17. Rc2 e6 18. Rd1 Rfc8 19. Ke1 bxc4 20. Bxc4 Ne8 21.
Rdc1 a5 22. Ne2 a4 23. b4 a3 24. b5 Bb2 25. b6 Bxc1 26. Rxc1 Bc6 27. Nd4 Bb7
28. Kd2 Kf8 29. Rc3 Ke7 30. Nc2 d5 31. exd5 Nd6 32. Bb3 Bxd5 33. Bxd5 exd5 34.
Rxc8 Rxc8 35. Nxa3 Kd7 36. Kd3 Nc4 37. Nxc4 Rxc4 38. a3 Kc6 39. h3 f5 40. Bd4
Ra4 41. g4 Rxa3+ 42. Ke2 fxg4 43. hxg4 hxg4 44. fxg4 Rg3 0-1

[Event "NB I. Maroczy csoport"]
[Site "Miskolc"]
[Date "2024.03.03"]
[Round "7.3"]
[White "Karacsony, Attila"]
[Black "Turcsanyi, Vince Gergo"]
[Result "0-1"]
[WhiteElo "2198"]
[BlackElo "2247"]
[PlyCount "94"]
[EventDate "2023.10.08"]
[EventType "team-tourn"]
[EventRounds "11"]
[EventCountry "HUN"]
[Source "chess.hu"]
[WhiteTeam "Vasas SC"]
[BlackTeam "DVTK I."]
[WhiteTeamCountry "HUN"]
[BlackTeamCountry "HUN"]

1. e4 c6 2. d4 d5 3. exd5 cxd5 4. Bd3 Nc6 5. c3 Nf6 6. h3 e5 7. dxe5 Nxe5 8.
Qe2 Qe7 9. Bb5+ Bd7 10. Bxd7+ Kxd7 11. Qb5+ Kc8 12. Be3 Nc4 13. Nd2 a6 14. Qa4
Nxe3 15. fxe3 Qxe3+ 16. Kd1 Bc5 17. Kc2 Ne4 18. Ngf3 Nf2 19. Rhe1 Qd3+ 20. Kb3
f6 21. Re6 Qb5+ 22. Qxb5 axb5 23. Kc2 Kd7 24. Ree1 Rhe8 25. a3 Ne4 26. Nb3 Bb6
27. Rad1 Kc6 28. Nbd4+ Bxd4 29. Rxd4 Nd6 30. Red1 Nf5 31. Rb4 Ne3+ 32. Kd2 Nxd1
33. Nd4+ Kd7 34. Kxd1 Re5 35. Rxb5 Kc7 36. Rc5+ Kb6 37. Rb5+ Ka6 38. a4 Rae8
39. b4 h5 40. a5 R8e7 41. Rb6+ Ka7 42. Rd6 Kb8 43. a6 bxa6 44. Rxa6 Kb7 45. b5
Re1+ 46. Kd2 Rb1 47. Nc6 Rxb5 0-1

[Event "NB I. Maroczy csoport"]
[Site "Miskolc"]
[Date "2024.03.03"]
[Round "7.4"]
[White "Fusthy, Zsolt"]
[Black "Jacso, Adam Dr"]
[Result "1/2-1/2"]
[WhiteElo "2214"]
[BlackElo "2208"]
[PlyCount "42"]
[EventDate "2023.10.08"]
[EventType "team-tourn"]
[EventRounds "11"]
[EventCountry "HUN"]
[Source "chess.hu"]
[WhiteTeam "DVTK I."]
[BlackTeam "Vasas SC"]
[WhiteTeamCountry "HUN"]
[BlackTeamCountry "HUN"]

1. e4 c5 2. Nf3 Nc6 3. d4 cxd4 4. Nxd4 Nf6 5. Nc3 e5 6. Ndb5 d6 7. Bg5 a6 8.
Na3 b5 9. Nd5 Be7 10. Bxf6 Bxf6 11. c4 b4 12. Nc2 O-O 13. g3 a5 14. h4 Be6 15.
Qd2 g6 16. Bg2 Bg7 17. O-O Rb8 18. b3 Qd7 19. a3 bxa3 20. Rxa3 Rb7 21. Nc3 Rfb8
1/2-1/2

[Event "NB I. Maroczy csoport"]
[Site "Miskolc"]
[Date "2024.03.03"]
[Round "7.5"]
[White "Czegledi, Barna Jr"]
[Black "Gathi, Donat"]
[Result "0-1"]
[WhiteElo "2091"]
[BlackElo "2192"]
[PlyCount "104"]
[EventDate "2023.10.08"]
[EventType "team-tourn"]
[EventRounds "11"]
[EventCountry "HUN"]
[Source "chess.hu"]
[WhiteTeam "Vasas SC"]
[BlackTeam "DVTK I."]
[WhiteTeamCountry "HUN"]
[BlackTeamCountry "HUN"]

1. Nf3 Nf6 2. c4 g6 3. Nc3 Bg7 4. e4 d6 5. d4 O-O 6. Be2 e5 7. dxe5 dxe5 8.
Qxd8 Rxd8 9. Bg5 Re8 10. Nd5 Nxd5 11. cxd5 c6 12. Bc4 cxd5 13. Bxd5 Nc6 14. Be3
Nb4 15. Bb3 Be6 16. Ke2 a5 17. Bxe6 Rxe6 18. Rhc1 Rc6 19. Rxc6 Nxc6 20. Rd1 f5
21. Rd7 b5 22. Ng5 Re8 23. f3 Bf6 24. Nh3 Rd8 25. Rb7 fxe4 26. Rxb5 exf3+ 27.
gxf3 Nd4+ 28. Bxd4 Rxd4 29. Nf2 Rh4 30. h3 a4 31. Ra5 Kf7 32. Ne4 Be7 33. Rxa4
Rxh3 34. b4 Rh2+ 35. Kd3 h5 36. b5 Rb2 37. Ra7 h4 38. Kc3 Rb1 39. Kc2 Rb4 40.
Kc3 Rb1 41. Kc2 Rb4 42. a3 Rc4+ 43. Kb3 Rxe4 44. fxe4 h3 45. Rd7 g5 46. b6 h2
47. Rd1 g4 48. Kc4 Bd6 49. Rxd6 h1=Q 50. Kd5 g3 51. b7 Qb1 52. Kc6 g2 0-1

[Event "NB I. Maroczy csoport"]
[Site "Miskolc"]
[Date "2024.03.03"]
[Round "7.6"]
[White "Zambo, Zoltan Istvan"]
[Black "Horvath, Julia"]
[Result "1-0"]
[WhiteElo "2294"]
[BlackElo "2114"]
[PlyCount "71"]
[EventDate "2023.10.08"]
[EventType "team-tourn"]
[EventRounds "11"]
[EventCountry "HUN"]
[Source "chess.hu"]
[WhiteTeam "DVTK I."]
[BlackTeam "Vasas SC"]
[WhiteTeamCountry "HUN"]
[BlackTeamCountry "HUN"]

1. c4 e5 2. g3 f5 3. Bg2 Nf6 4. Nc3 d6 5. d3 Nc6 6. e4 Be7 7. Nge2 O-O 8. O-O
h6 9. Nd5 fxe4 10. dxe4 Be6 11. f4 Bg4 12. h3 Bxe2 13. Qxe2 Nd4 14. Qd3 c6 15.
Nc3 a6 16. Be3 c5 17. a4 b6 18. Nd5 Rb8 19. Bxd4 cxd4 20. fxe5 dxe5 21. Rf5 Qd6
22. Raf1 Ne8 23. b4 Nf6 24. b5 axb5 25. cxb5 Rbc8 26. Qf3 Nxd5 27. exd5 Rxf5
28. Qxf5 Rf8 29. Qe4 Rxf1+ 30. Bxf1 Bf6 31. Bd3 Qa3 32. h4 Qxa4 33. d6 Qa1+ 34.
Kg2 Qc3 35. Qd5+ Kf8 36. Bg6 1-0

[Event "NB I. Maroczy csoport"]
[Site "Miskolc"]
[Date "2024.03.03"]
[Round "7.7"]
[White "Havasi, Janos"]
[Black "Horvath, Kristof"]
[Result "1-0"]
[WhiteElo "1999"]
[BlackElo "2117"]
[PlyCount "105"]
[EventDate "2023.10.08"]
[EventType "team-tourn"]
[EventRounds "11"]
[EventCountry "HUN"]
[Source "chess.hu"]
[WhiteTeam "Vasas SC"]
[BlackTeam "DVTK I."]
[WhiteTeamCountry "HUN"]
[BlackTeamCountry "HUN"]

1. e4 e5 2. Nf3 Nc6 3. Bc4 Nf6 4. Nc3 Nxe4 5. Bxf7+ Kxf7 6. Nxe4 d5 7. Ng3 e4
8. Ng1 h5 9. d4 h4 10. N3e2 Bd6 11. Be3 Ne7 12. Qd2 b6 13. O-O-O c5 14. f3 Bf5
15. fxe4 Bxe4 16. Nf3 Bxf3 17. Rhf1 Rf8 18. Rxf3+ Kg8 19. Rdf1 Qd7 20. h3 Rxf3
21. Rxf3 Re8 22. Bf4 Nf5 23. Bxd6 Nxd6 24. Nc3 Nc4 25. Qf2 cxd4 26. Qxd4 Re1+
27. Nd1 Qe6 28. Rd3 Re5 29. b3 Nd6 30. Qxh4 Re4 31. Qg5 d4 32. Nf2 Re1+ 33. Kb2
Re2 34. Nd1 Nf5 35. g4 Qc6 36. Rd2 Rxd2 37. Qxd2 Nh4 38. Qxd4 Nf3 39. Qd8+ Kf7
40. Nc3 Ng1 41. Qd3 Qg2 42. Qc4+ Kg6 43. h4 Nf3 44. Qe6+ Kh7 45. Qe4+ Kg8 46.
g5 Kf7 47. g6+ Kf8 48. Qe6 Qxc2+ 49. Ka3 Qc1+ 50. Ka4 Qf4+ 51. b4 b5+ 52. Nxb5
Nxh4 53. Nd6 1-0

[Event "NB I. Maroczy csoport"]
[Site "Miskolc"]
[Date "2024.03.03"]
[Round "7.8"]
[White "Dobai, Szabolcs"]
[Black "Pesztericz, Laszlo"]
[Result "1/2-1/2"]
[WhiteElo "2108"]
[BlackElo "2050"]
[PlyCount "113"]
[EventDate "2023.10.08"]
[EventType "team-tourn"]
[EventRounds "11"]
[EventCountry "HUN"]
[Source "chess.hu"]
[WhiteTeam "DVTK I."]
[BlackTeam "Vasas SC"]
[WhiteTeamCountry "HUN"]
[BlackTeamCountry "HUN"]

1. d4 Nf6 2. c4 g6 3. Nc3 Bg7 4. e4 d6 5. f3 O-O 6. Be3 Nc6 7. Nge2 a6 8. Qd2
Rb8 9. Rc1 e5 10. d5 Ne7 11. Ng3 Ne8 12. Bd3 f5 13. exf5 Nxf5 14. Nxf5 Bxf5 15.
O-O Nf6 16. g4 Bxd3 17. Qxd3 e4 18. Nxe4 Nxe4 19. Qxe4 Bxb2 20. Rc2 Bg7 21. c5
Re8 22. Qd3 Qh4 23. cxd6 cxd6 24. Bf2 Qf6 25. Bg3 Rbc8 26. Rc4 Rxc4 27. Qxc4
Qd4+ 28. Qxd4 Bxd4+ 29. Bf2 Bxf2+ 30. Kxf2 Rc8 31. a4 Rc5 32. Rb1 b5 33. axb5
axb5 34. Ke3 Rxd5 35. Ke4 Re5+ 36. Kd4 g5 37. Ra1 Re2 38. Rb1 Re5 39. Ra1 Re2
40. h3 Rb2 41. Ra7 b4 42. Ke4 b3 43. Rb7 Rb1 44. Kf5 b2 45. Kxg5 Rf1 46. Rxb2
Rxf3 47. h4 Kg7 48. Rb7+ Rf7 49. Rb5 h6+ 50. Kh5 Rc7 51. g5 hxg5 52. hxg5 Re7
53. Rd5 Rd7 54. g6 Re7 55. Rxd6 Re5+ 56. Kg4 Re1 57. Kf5 1/2-1/2

[Event "NB I. Maroczy csoport"]
[Site "Miskolc"]
[Date "2024.03.03"]
[Round "7.9"]
[White "Gyurkovics, Miklos"]
[Black "Herczeg, Marcell"]
[Result "0-1"]
[WhiteElo "1996"]
[BlackElo "2107"]
[PlyCount "62"]
[EventDate "2023.10.08"]
[EventType "team-tourn"]
[EventRounds "11"]
[EventCountry "HUN"]
[Source "chess.hu"]
[WhiteTeam "Vasas SC"]
[BlackTeam "DVTK I."]
[WhiteTeamCountry "HUN"]
[BlackTeamCountry "HUN"]

1. d4 d5 2. Nc3 Nf6 3. Bf4 Bf5 4. f3 e6 5. g4 Bg6 6. h4 h5 7. g5 Nfd7 8. e3 Nb6
9. Bd3 Bxd3 10. Qxd3 Bd6 11. Nge2 Nc6 12. O-O-O Nc4 13. a3 Qe7 14. Bxd6 Qxd6
15. e4 O-O-O 16. Kb1 Ne7 17. Ka2 c6 18. e5 Qc7 19. b3 Nb6 20. f4 Kb8 21. Ng3 g6
22. Kb2 a6 23. Qe3 Rc8 24. Nce2 Nd7 25. c4 c5 26. dxc5 Nxc5 27. cxd5 Nxd5 28.
Qf3 Na4+ 29. bxa4 Qc2+ 30. Ka1 Nc3 31. Nxc3 Rxc3 {...} 0-1

[Event "NB I. Maroczy csoport"]
[Site "Miskolc"]
[Date "2024.03.03"]
[Round "7.10"]
[White "Kovacs, Tamas"]
[Black "Kis, Bela"]
[Result "1-0"]
[WhiteElo "2068"]
[BlackElo "1926"]
[PlyCount "101"]
[EventDate "2023.10.08"]
[EventType "team-tourn"]
[EventRounds "11"]
[EventCountry "HUN"]
[Source "chess.hu"]
[WhiteTeam "DVTK I."]
[BlackTeam "Vasas SC"]
[WhiteTeamCountry "HUN"]
[BlackTeamCountry "HUN"]

1. d4 Nf6 2. c4 g6 3. Nc3 d5 4. Bg5 Ne4 5. Bh4 c5 6. cxd5 Nxc3 7. bxc3 Qxd5 8.
e3 cxd4 9. cxd4 Qa5+ 10. Qd2 Qxd2+ 11. Kxd2 Bg7 12. Nf3 Nc6 13. Rb1 e6 14. Bd3
O-O 15. Rhc1 Re8 16. Bb5 Bd7 17. Ba4 Rab8 18. Bg3 e5 19. d5 Red8 20. Ke1 Ne7
21. Bxd7 Rxd7 22. Nxe5 Bxe5 23. Bxe5 Re8 24. d6 Nc8 25. Rb5 Nxd6 26. Rd5 Rxe5
27. Rxe5 Nf5 28. Rc8+ Kg7 29. Rce8 Kf6 30. g4 Ne7 31. f4 h6 32. h4 Nc6 33. g5+
hxg5 34. hxg5+ Kg7 35. Re4 f6 36. gxf6+ Kxf6 37. Rh8 Kf5 38. Rc4 Rf7 39. Ke2
Kg4 40. Rh1 Kf5 41. Rh6 Rd7 42. Rc3 Rc7 43. Rc5+ Kf6 44. f5 Rg7 45. Rxg6+ Rxg6
46. fxg6 Kxg6 47. Rb5 b6 48. Rd5 Kf7 49. Rd6 Ne5 50. Rh6 Nd7 51. Kd3 1-0

[Event "NB I. Maroczy csoport"]
[Site "Miskolc"]
[Date "2024.03.03"]
[Round "7.11"]
[White "Harkanyi, Gergely"]
[Black "Kovacs, Kristof"]
[Result "0-1"]
[WhiteElo "1951"]
[BlackElo "2000"]
[PlyCount "112"]
[EventDate "2023.10.08"]
[EventType "team-tourn"]
[EventRounds "11"]
[EventCountry "HUN"]
[Source "chess.hu"]
[WhiteTeam "Vasas SC"]
[BlackTeam "DVTK I."]
[WhiteTeamCountry "HUN"]
[BlackTeamCountry "HUN"]

1. d4 d5 2. c4 e6 3. Nf3 Nf6 4. g3 Be7 5. Bg2 O-O 6. O-O b6 7. Nc3 Bb7 8. cxd5
exd5 9. Ne5 Nbd7 10. Bf4 c6 11. Rc1 Nxe5 12. Bxe5 Bd6 13. Bxd6 Qxd6 14. Qc2
Rfe8 15. e3 h5 16. Rfd1 g6 17. Ne2 Kg7 18. h4 Rac8 19. Nf4 Rc7 20. Qa4 Bc8 21.
Rc3 Bd7 22. Qb3 Rb7 23. Nd3 Rc7 24. Rdc1 Rec8 25. Qb4 Ne8 26. Qxd6 Nxd6 27. Nb4
Nb5 28. R3c2 a5 29. a4 Nxd4 30. exd4 axb4 31. Bxd5 c5 32. b3 Bf5 33. Rd2 cxd4
34. Rxc7 Rxc7 35. Bc4 Rxc4 36. bxc4 b3 37. Rb2 Bc2 38. Kf1 Kf6 39. Ke2 Ke6 40.
Kd2 d3 41. Kc3 Kd6 42. Rxb3 Bxb3 43. Kxb3 Kc5 44. Kc3 d2 45. Kxd2 Kxc4 46. Ke3
Kb4 47. Kf4 f6 48. g4 Kxa4 49. g5 fxg5+ 50. Kxg5 b5 51. Kxg6 b4 52. f4 b3 53.
f5 b2 54. f6 b1=Q+ 55. Kg7 Qg1+ 56. Kh8 Qd4 0-1

[Event "NB I. Maroczy csoport"]
[Site "Miskolc"]
[Date "2024.03.03"]
[Round "7.12"]
[White "Lazsadi, Kerka Lilla"]
[Black "Kozek, Armin"]
[Result "0-1"]
[WhiteElo "1866"]
[BlackElo "1861"]
[PlyCount "146"]
[EventDate "2023.10.08"]
[EventType "team-tourn"]
[EventRounds "11"]
[EventCountry "HUN"]
[Source "chess.hu"]
[WhiteTeam "DVTK I."]
[BlackTeam "Vasas SC"]
[WhiteTeamCountry "HUN"]
[BlackTeamCountry "HUN"]

1. e4 d6 2. d4 Nf6 3. Nc3 g6 4. f3 Bg7 5. Be3 c6 6. Nge2 h6 7. Nf4 e5 8. Nd3
Ng4 9. Bg1 exd4 10. Ne2 Ne3 11. Qc1 Qa5+ 12. b4 Qa4 13. Bxe3 dxe3 14. c3 a5 15.
e5 dxe5 16. Qxe3 axb4 17. Nxe5 O-O 18. Nf4 Re8 19. Nfxg6 fxg6 20. Bc4+ Kh7 21.
f4 Bxe5 22. fxe5 Be6 23. Bxe6 Rxe6 24. O-O Qa7 25. Rf7+ Kg8 26. Qxa7 Rxa7 27.
Raf1 g5 28. cxb4 Na6 29. a3 Ra8 30. Rxb7 Rf8 31. Rd1 Rxe5 32. h3 Nb8 33. Rd6
Rfe8 34. Rg6+ Kf8 35. Rxh6 R5e7 36. Rh8+ Kf7 37. Rh7+ Ke6 38. Rhxe7+ Rxe7 39.
Rxb8 Ra7 40. b5 c5 41. Rc8 Kd5 42. Rd8+ Kc4 43. b6 Rb7 44. Rd6 Kb5 45. Kf2 Re7
46. Rd5 Kxb6 47. Rxg5 c4 48. Rg3 Kc5 49. Re3 Rf7+ 50. Ke2 Kd4 51. Rf3 Rb7 52.
Rf4+ Kc3 53. g4 Rh7 54. Rf3+ Kb2 55. Kf2 c3 56. Kg3 c2 57. Rf2 Kb1 58. Rf1+
c1=Q 59. Rxc1+ Kxc1 60. g5 Kd2 61. Kg4 Ke3 62. g6 Rh8 63. h4 Ke4 64. Kg5 Ke5
65. g7 Ra8 66. Kh6 Kf6 67. h5 Rg8 68. a4 Rxg7 69. a5 Ra7 70. a6 Rxa6 71. Kh7
Kf7 72. h6 Rb6 73. Kh8 Rxh6# 0-1

[Event "NB I. Maroczy csoport"]
[Site "Budapest"]
[Date "2024.03.03"]
[Round "7.1"]
[White "Manik, Mikulas"]
[Black "Paschall, William"]
[Result "1/2-1/2"]
[WhiteElo "2329"]
[BlackElo "2331"]
[PlyCount "37"]
[EventDate "2023.10.08"]
[EventType "team-tourn"]
[EventRounds "11"]
[EventCountry "HUN"]
[Source "chess.hu"]
[WhiteTeam "Pitypalatty Sakk SE"]
[BlackTeam "Dr.  Hetenyi Geza SK"]
[WhiteTeamCountry "HUN"]
[BlackTeamCountry "HUN"]

1. e4 c5 2. Nf3 g6 3. d4 cxd4 4. Nxd4 Bg7 5. c4 Nc6 6. Be3 Nf6 7. Nc3 O-O 8.
Be2 d6 9. O-O Nxd4 10. Bxd4 Bd7 11. Qd2 Bc6 12. f3 a5 13. b3 Nd7 14. Be3 Nc5
15. Rab1 Qb6 16. Rfc1 Rfc8 17. Bf1 Qb4 18. Rc2 a4 19. Nd5 1/2-1/2

[Event "NB I. Maroczy csoport"]
[Site "Budapest"]
[Date "2024.03.03"]
[Round "7.2"]
[White "Issa, Rafat"]
[Black "Leszko, Bence"]
[Result "1-0"]
[WhiteElo "2330"]
[BlackElo "2260"]
[PlyCount "97"]
[EventDate "2023.10.08"]
[EventType "team-tourn"]
[EventRounds "11"]
[EventCountry "HUN"]
[Source "chess.hu"]
[WhiteTeam "Dr.  Hetenyi Geza SK"]
[BlackTeam "Pitypalatty Sakk SE"]
[WhiteTeamCountry "HUN"]
[BlackTeamCountry "HUN"]

1. d4 d5 2. Nf3 e6 3. c4 a6 4. cxd5 exd5 5. Nc3 h6 6. Bf4 Nf6 7. e3 Bd6 8. Bxd6
Qxd6 9. Qc2 O-O 10. Bd3 c6 11. O-O Nbd7 12. Rac1 Re8 13. Na4 Ne4 14. Nd2 Nxd2
15. Qxd2 Nf6 16. f3 Rb8 17. Rce1 Nd7 18. Bf5 Nf8 19. Bxc8 Rbxc8 20. Nc5 Re7 21.
Qc3 Ne6 22. Nd3 Rec7 23. b4 b6 24. Rf2 c5 25. bxc5 bxc5 26. Qa3 Qb6 27. Rb2 Qa7
28. dxc5 Nxc5 29. Nf4 d4 30. exd4 Nb3 31. Rxb3 Qxd4+ 32. Rbe3 Rc3 33. Qb2 R8c4
34. Qb8+ Kh7 35. Qb1+ g6 36. Nd3 Rc2 37. Nf2 Qc5 38. Ne4 Qd4 39. Kh1 Rb2 40.
Qd3 Qxd3 41. Rxd3 Rcc2 42. Rd7 Rxg2 43. Rxf7+ Kg8 44. Ra7 Rxh2+ 45. Kg1 Kf8 46.
Rc1 Rbg2+ 47. Kf1 Rc2 48. Rxc2 Rxc2 49. Rxa6 1-0

[Event "NB I. Maroczy csoport"]
[Site "Budapest"]
[Date "2024.03.03"]
[Round "7.3"]
[White "Papp, Tamas"]
[Black "Varga, Csaba Zoltan"]
[Result "1/2-1/2"]
[WhiteElo "2325"]
[BlackElo "2111"]
[PlyCount "161"]
[EventDate "2023.10.08"]
[EventType "team-tourn"]
[EventRounds "11"]
[EventCountry "HUN"]
[Source "chess.hu"]
[WhiteTeam "Pitypalatty Sakk SE"]
[BlackTeam "Dr.  Hetenyi Geza SK"]
[WhiteTeamCountry "HUN"]
[BlackTeamCountry "HUN"]

1. d4 d5 2. c4 dxc4 3. e3 c5 4. Bxc4 cxd4 5. exd4 Qc7 6. Bb3 e6 7. Nf3 Nc6 8.
O-O Bb4 9. a3 Ba5 10. Ba2 Nf6 11. b4 Bb6 12. Bb2 O-O 13. Nc3 Rd8 14. Na4 Nd5
15. Rc1 Qf4 16. Nxb6 axb6 17. Bb1 Nf6 18. Qe2 Qg4 19. Qc2 Qg6 20. Qxc6 bxc6 21.
Bxg6 hxg6 22. Rxc6 Nd5 23. Rd1 Ba6 24. Ne1 Bb5 25. Rcc1 Nf4 26. Ra1 Rd7 27. f3
Bc4 28. Kf2 Rad8 29. g3 Nd5 30. Ng2 b5 31. Rac1 e5 32. dxe5 Nxb4 33. Rxd7 Rxd7
34. axb4 Rd2+ 35. Ke3 Rxb2 36. Ne1 Rxb4 37. Rc3 Rb2 38. Nc2 g5 39. Na3 Be6 40.
Nc2 b4 41. Rc5 b3 42. Nd4 Rxh2 43. Nxe6 fxe6 44. Rb5 b2 45. Rb7 Kf8 46. Kd4 Rc2
47. Kd3 Rf2 48. Kd4 Rxf3 49. Kc5 Rd3 50. Rxb2 Kf7 51. Rf2+ Ke7 52. g4 Rd5+ 53.
Kc4 Rxe5 54. Kd4 Re1 55. Ra2 Kf6 56. Rf2+ Kg6 57. Rg2 e5+ 58. Kd5 Re3 59. Rg1
Re2 60. Ke6 Re4 61. Kd5 Re3 62. Ke6 e4 63. Ke5 Kf7 64. Kf5 Ke7 65. Ke5 Re2 66.
Kd5 Kd7 67. Ke5 Kc6 68. Rc1+ Kd7 69. Rd1+ Ke7 70. Rg1 g6 71. Kd5 Kd7 72. Ke5
Kc6 73. Rc1+ Kb5 74. Kd4 Kb6 75. Kd5 Kb7 76. Ke5 Kb6 77. Kd5 Kb5 78. Rb1+ Ka5
79. Kd4 Ka6 80. Ke5 Ka5 81. Kd4 1/2-1/2

[Event "NB I. Maroczy csoport"]
[Site "Budapest"]
[Date "2024.03.03"]
[Round "7.5"]
[White "Daroczi, Donat"]
[Black "Dory, Jeno"]
[Result "1-0"]
[WhiteElo "2171"]
[BlackElo "2183"]
[PlyCount "61"]
[EventDate "2023.10.08"]
[EventType "team-tourn"]
[EventRounds "11"]
[EventCountry "HUN"]
[Source "chess.hu"]
[WhiteTeam "Pitypalatty Sakk SE"]
[BlackTeam "Dr.  Hetenyi Geza SK"]
[WhiteTeamCountry "HUN"]
[BlackTeamCountry "HUN"]

1. e4 c5 2. Nf3 g6 3. d4 cxd4 4. Nxd4 Nc6 5. c4 Bg7 6. Be3 Nf6 7. Nc3 d6 8. f3
Bd7 9. Qd2 a6 10. Be2 Qb8 11. O-O O-O 12. a4 a5 13. Ndb5 b6 14. f4 Nb4 15. e5
dxe5 16. fxe5 Qxe5 17. Bd4 Ne4 18. Qe3 Nc2 19. Bxe5 Nxe3 20. Bxg7 Kxg7 21. Nxe4
Nxf1 22. Kxf1 Bxb5 23. axb5 Rac8 24. c5 bxc5 25. Rxa5 f5 26. Ng5 Kh6 27. Ne6
Rf6 28. Bc4 f4 29. b6 Rb8 30. Rb5 f3 31. g4 1-0

[Event "NB I. Maroczy csoport"]
[Site "Budapest"]
[Date "2024.03.03"]
[Round "7.6"]
[White "Seres, Bela"]
[Black "Zambor, Norbert"]
[Result "1/2-1/2"]
[WhiteElo "2147"]
[BlackElo "2224"]
[PlyCount "113"]
[EventDate "2023.10.08"]
[EventType "team-tourn"]
[EventRounds "11"]
[EventCountry "HUN"]
[Source "chess.hu"]
[WhiteTeam "Dr.  Hetenyi Geza SK"]
[BlackTeam "Pitypalatty Sakk SE"]
[WhiteTeamCountry "HUN"]
[BlackTeamCountry "HUN"]

1. e4 c5 2. Nf3 Nc6 3. c3 Nf6 4. e5 Nd5 5. d4 cxd4 6. cxd4 g6 7. Bc4 Nb6 8. Bb3
Bg7 9. O-O O-O 10. Bf4 d6 11. exd6 Bg4 12. d5 Nd4 13. Qd3 Bxf3 14. gxf3 exd6
15. Nd2 Qf6 16. Bg3 Nxb3 17. axb3 Qxb2 18. Ne4 Qd4 19. Qxd4 Bxd4 20. Rad1 Be5
21. f4 Bg7 22. Nxd6 Rfd8 23. f5 Rd7 24. Rfe1 Rad8 25. Nb5 Nxd5 26. fxg6 hxg6
27. Nxa7 Bc3 28. Rf1 Nf6 29. Rxd7 Rxd7 30. Nb5 Bb4 31. Rc1 Ne4 32. Rc4 Nxg3 33.
hxg3 Rd1+ 34. Kg2 Bf8 35. Rd4 Rb1 36. Rd3 Rb2 37. Rc3 Bb4 38. Rf3 Bc5 39. Nc7
Rd2 40. Ne8 Bd4 41. Nf6+ Kf8 42. Ne4 Re2 43. Nd6 Re7 44. Nc4 b5 45. Rd3 Bf6 46.
Ne3 Ra7 47. f4 Ra3 48. Nd5 Be7 49. Kf3 Bc5 50. g4 Ra1 51. Nf6 Rf1+ 52. Kg2 Rg1+
53. Kf3 Rf1+ 54. Ke4 Be7 55. Nd5 Bc5 56. Nf6 Be7 57. Nd5 1/2-1/2

[Event "NB I. Maroczy csoport"]
[Site "Budapest"]
[Date "2024.03.03"]
[Round "7.7"]
[White "Kovacs, Apollo"]
[Black "Bognar, Csaba Dr"]
[Result "1/2-1/2"]
[WhiteElo "2160"]
[BlackElo "2125"]
[PlyCount "45"]
[EventDate "2023.10.08"]
[EventType "team-tourn"]
[EventRounds "11"]
[EventCountry "HUN"]
[Source "chess.hu"]
[WhiteTeam "Pitypalatty Sakk SE"]
[BlackTeam "Dr.  Hetenyi Geza SK"]
[WhiteTeamCountry "HUN"]
[BlackTeamCountry "HUN"]

1. d4 Nf6 2. Nf3 g6 3. Bf4 Bg7 4. h3 d6 5. e3 Nbd7 6. Be2 O-O 7. O-O Qe8 8. c3
e5 9. dxe5 dxe5 10. Bh2 Qe7 11. Nbd2 Ne8 12. Qc2 Kh8 13. Rfe1 f6 14. Rad1 Nd6
15. c4 Nf7 16. Ne4 f5 17. Nc3 c6 18. a3 Nf6 19. b4 g5 20. Nd2 h5 21. c5 g4 22.
hxg4 hxg4 23. Nc4 1/2-1/2